00341nam a2200133 a 45000010010000000030011000100080041000210350026000620820014000881000018001022450031001202600041001516500015001920000-9106ELIB.Books110520 1946  a(ELIB.Books)0000-9255 a150 bAdl aAdler, Alfred aUnderstanding Human Nature bNew York: Greenbere Publisher c1946 aPsychology